Escudos de la provincia de Cádiz - Estadísticas

Estadísticas generales
  • Esta prueba ha sido intentada 15 veces
  • La puntuación promedio es 14 de 55
Estadísticas de respuestas
Imagen Respuesta % Correcto
Barbate
75%
Espera
75%
Cádiz
63%
San Fernando
63%
Jerez de la Frontera
50%
San Roque
50%
Algodonales
38%
Bornos
38%
Chipiona
38%
El Gastor
38%
El Puerto de Santa María
38%
Rota
38%
Algar
25%
Algeciras
25%
Arcos de la Frontera
25%
Benalup Casas Viejas
25%
Benaocaz
25%
Castellar de la Frontera
25%
Chiclana de la Frontera
25%
Conil de la Frontera
25%
Grazalema
25%
Guadalcacín
25%
Jimena de la Frontera
25%
La Línea de la Concepción
25%
Medina Sidonia
25%
Olvera
25%
Paterna de Rivera
25%
Puerto Real
25%
Puerto Serrano
25%
San José del Valle
25%
Sanlúcar de Barrameda
25%
Setenil de las Bodegas
25%
Tarifa
25%
Torre Alháquime
25%
Trebujena
25%
Ubrique
25%
Vejer de la Frontera
25%
Villaluenga del Rosario
25%
Villamartin
25%
Zahara de la Sierra
25%
Alcalá de los Gazules
13%
Alcalá del Valle
13%
El Bosque
13%
Estella del Marqués
13%
La Barca de la Florida
13%
Los Barrios
13%
Prado del Rey
13%
San Martín del Tesorillo
13%
El Torno
0%
Facinas
0%
Nueva Jarilla
0%
San Isidro de Guadalete
0%
Tahivilla
0%
Torrecera
0%
Zahara de los Atunes
0%
No se encontraron pruebas coincidentes
Distribución de puntuación
Porcentaje de gente con cada puntuación
Porcentaje por número respondido
Historial de tus puntuaciones
No has intentado esta prueba.